000 00760nam a2200217 a 4500
003 DO-SdBNP
005 20211014152737.0
007 ta
008 211014e2018 dr ac||gr|||| 00| 0bspa d
020 _a9789945915006
040 _aDO-SdBNP
_bspa
_cBNPHU
082 4 _222
_bJ585r
100 1 _aRuben E., Jesús Santos de,
_980214
245 1 0 _aReseña histórica de la vida y trabajo del fundador del concilio Arca de Salvación Inc. /
_cRuben E. de Jesús Santos
260 _aSanto Domingo :
_bE Graphics Corp.,
_c2018
300 _a[11 p.] :
_bil., ret. ;
_c28 cm.
500 _aUn aporte de la Fundación Bienvenido Santos Inc.
590 _aInventariado 2021 / MF
600 0 4 _a Santos Rodríguezs ,Bienvenido Eugenio
_980215
_d1905- ?
942 _2ddc
_cLF2
999 _c50752
_d50752